| 000 | 00694nam a2200253Ia 4500 | ||
|---|---|---|---|
| 003 | OSt | ||
| 005 | 20220918163421.0 | ||
| 006 | a|||||r|||| 00| 0 | ||
| 007 | ta | ||
| 008 | 220917b |||||||| |||| 00| 0 eng d | ||
| 020 | _a0 7135 1559 7 | ||
| 024 | _a93 | ||
| 037 | _cTextual | ||
| 040 |
_aARTS _cARTS _beng |
||
| 041 |
_2eng _aeng |
||
| 082 | _aO111,6K33x, J3;L0.9 | ||
| 100 |
_aPepys Samuel _913028 |
||
| 245 | 0 | _aDiary ed by Robert Latham and William Mathew ws | |
| 260 |
_aLondon _bG. Bell and Sons _c1953 |
||
| 300 |
_axi,590p. _ccm. |
||
| 650 | _aENGLISH LITERATURE | ||
| 942 |
_hO111,6K33x, J3;L0.9 _cTEXL _2CC |
||
| 999 |
_c119475 _d119475 |
||